000 00285nam a22001337a 4500
008 181101b xxu||||| |||| 00| 0 eng d
020 _a9780071383172
041 _aeng
080 _a616.073
100 _a6
101 _aGJEN
245 _aGenetics
_cStansfield,W
942 _2udc
_cBK
999 _c51421
_d51421